[Event "IMSA Elite Mind Games (Women's Blitz)"]
[Site "Huai'an CHN"]
[Date "2016.02.29"]
[EventDate "2016.02.28"]
[Round "14.2"]
[Result "1/2-1/2"]
[White "Antoaneta Stefanova"]
[Black "Nana Dzagnidze"]
[WhiteElo "2509"]
[BlackElo "2529"]
[PlyCount "138"]

1. d4 Nf6 2. Bg5 Ne4 3. Bf4 d5 4. e3 c5 5. Bd3 Nc6 6. Bxe4
dxe4 7. d5 Nb4 8. Nc3 e6 9. d6 f5 10. f3 Nc6 11. fxe4 e5
12. Bg3 Bxd6 13. Nf3 O-O 14. Qd5+ Kh8 15. O-O-O Bc7 16. Qxd8
Rxd8 17. Nb5 Bb6 18. Nxe5 Nxe5 19. Bxe5 fxe4 20. Rxd8+ Bxd8
21. Nd6 Be7 22. Nxe4 Bf5 23. Nc3 Bg5 24. Bf4 Bf6 25. Nd5 Be4
26. Nxf6 gxf6 27. Rg1 Rd8 28. g3 Kg7 29. g4 Kg6 30. h4 Rd5
31. h5+ Kf7 32. c4 Rd3 33. g5 fxg5 34. Rxg5 b6 35. h6 Bg6
36. Rg2 Ke6 37. Rg5 Kf6 38. Re5 Rd7 39. Rg5 Rd3 40. Rg2 Ke6
41. Rf2 Be4 42. Bg5 Bf5 43. Rf4 Ke5 44. Rf2 Rd7 45. Rd2 Rxd2
46. Kxd2 a6 47. a4 Bd7 48. b3 b5 49. cxb5 axb5 50. a5 Bc8
51. Kc3 Kd5 52. Be7 Bb7 53. Kd3 Ba6 54. e4+ Ke5 55. Bxc5 Bb7
56. Ke3 Bxe4 57. a6 Bd5 58. b4 Ba8 59. Bf8 Kd5 60. Bc5 Ke5
61. Be7 Bh1 62. Bf8 Bg2 63. Bg7+ Kd5 64. Kf4 Kc6 65. Bd4 Kc7
66. Ke5 Kb8 67. Bb6 Ka8 68. Kd6 Bf3 69. Kc5 Be2 1/2-1/2

[Event "IMSA Elite Mind Games (Women's Blitz)"]
[Site "Huai'an CHN"]
[Date "2016.02.29"]
[EventDate "2016.02.28"]
[Round "15.8"]
[Result "0-1"]
[White "Bela Khotenashvili"]
[Black "Antoaneta Stefanova"]
[WhiteElo "2502"]
[BlackElo "2509"]
[PlyCount "66"]

1. Nf3 d5 2. c4 c6 3. g3 Nf6 4. Bg2 g6 5. b3 Bg7 6. Bb2 O-O
7. O-O b6 8. d3 Bb7 9. Nbd2 c5 10. cxd5 Bxd5 11. e4 Bb7
12. Qe2 Nc6 13. Rfd1 Rc8 14. Nc4 b5 15. Nce5 Qb6 16. Bh3 Rcd8
17. Rac1 Nd4 18. Nxd4 cxd4 19. Nf3 Nd7 20. Bg2 e5 21. h4 f5
22. exf5 gxf5 23. Ng5 Bxg2 24. Kxg2 h6 25. Nf3 Qb7 26. Kg1
Rfe8 27. Nd2 e4 28. Re1 Nf6 29. dxe4 fxe4 30. Nf1 e3 31. fxe3
d3 32. Qg2 Qxg2+ 33. Kxg2 d2 0-1

[Event "IMSA Elite Mind Games (Women's Blitz)"]
[Site "Huai'an CHN"]
[Date "2016.02.29"]
[EventDate "2016.02.28"]
[Round "16.1"]
[Result "1/2-1/2"]
[White "Ju Wenjun"]
[Black "Antoaneta Stefanova"]
[WhiteElo "2558"]
[BlackElo "2509"]
[PlyCount "117"]

1. c4 g6 2. d4 Bg7 3. e4 e6 4. Nf3 Ne7 5. Be2 d5 6. cxd5 exd5
7. e5 c5 8. dxc5 Nbc6 9. Nc3 O-O 10. Bf4 Qa5 11. O-O Qxc5
12. a3 Bf5 13. Rc1 Qa5 14. Re1 Rad8 15. Nb5 Rd7 16. h3 d4
17. Bd3 Qa6 18. Bxf5 Nxf5 19. Qd3 Rd5 20. a4 Qxa4 21. Nc7 Rd7
22. e6 Rxc7 23. Bxc7 fxe6 24. Ng5 Re8 25. Nxe6 Qb4 26. Re2 Bf6
27. Nf4 Rxe2 28. Qxe2 Qe7 29. Qc4+ Qf7 30. Nd5 Bg7 31. Nf4 Bh6
32. Qxf7+ Kxf7 33. Rd1 Nfe7 34. Nd3 Bg7 35. f4 Nd5 36. Be5 Ne3
37. Rc1 Bxe5 38. fxe5 Ke6 39. Rc5 Nd5 40. Kf2 Nxe5 41. Nxe5
Kxe5 42. Ke2 Ke4 43. Rc8 Nf4+ 44. Kd2 Nxg2 45. Rc7 h5 46. Rxb7
g5 47. Rxa7 g4 48. hxg4 hxg4 49. Rg7 Kf3 50. b4 Nf4 51. b5 Nd5
52. Rg5 Nb6 53. Kd3 g3 54. Rf5+ Kg4 55. Rf6 Nd7 56. Rg6+ Kf3
57. Rg7 g2 58. Rxg2 Kxg2 59. Kxd4 1/2-1/2

[Event "IMSA Elite Mind Games (Women's Blitz)"]
[Site "Huai'an CHN"]
[Date "2016.02.29"]
[EventDate "2016.02.28"]
[Round "17.8"]
[Result "0-1"]
[White "Monika (Bobrowska) Socko"]
[Black "Antoaneta Stefanova"]
[WhiteElo "2448"]
[BlackElo "2509"]
[PlyCount "148"]

1. d4 d5 2. c4 c6 3. cxd5 cxd5 4. Nc3 Nf6 5. Bf4 a6 6. e3 Nc6
7. Bd3 Bg4 8. Nge2 e6 9. O-O Be7 10. Rc1 O-O 11. Na4 Nd7
12. Qb3 Nb4 13. Ng3 b5 14. Nc5 Bxc5 15. dxc5 Nxd3 16. Qxd3 e5
17. c6 exf4 18. exf4 Nf6 19. f5 h5 20. f3 Qb6+ 21. Kh1 h4
22. Ne2 Bh5 23. Nf4 Rac8 24. Nxd5 Nxd5 25. Qxd5 Rfd8 26. Qe4
Qd4 27. c7 Rxc7 28. Qxd4 Rxd4 29. Rxc7 Rd2 30. b4 Rxa2 31. Rb1
h3 32. gxh3 Bxf3+ 33. Kg1 Rg2+ 34. Kf1 Rxh2 35. Rbc1 Rxh3
36. Kf2 Be4 37. f6 Rf3+ 38. Ke2 Rxf6 39. Ke3 Bd5 40. Kd4 Bc4
41. Rh1 g5 42. Ke5 Rg6 43. Rg1 Kg7 44. Rc8 g4 45. Kf4 Rf6+
46. Kg3 Be6 47. Rc3 Rg6 48. Kf4 Rf6+ 49. Kg3 Rh6 50. Kf4 Rh2
51. Re3 Rb2 52. Re4 Kg6 53. Rd4 Rf2+ 54. Ke5 Re2+ 55. Kf4 Ra2
56. Rg3 Kf6 57. Rg1 Rf2+ 58. Ke4 Bf5+ 59. Ke3 Rf3+ 60. Ke2 Ra3
61. Kf2 Kg5 62. Rd6 f6 63. Rd8 Kf4 64. Rd4+ Be4 65. Re1 f5
66. Re2 g3+ 67. Kf1 Kf3 68. Re1 Ra2 69. Rc1 Rf2+ 70. Kg1 Rg2+
71. Kf1 Rh2 72. Rc3+ Kf4 73. Rc5 Rh1+ 74. Ke2 g2 0-1

[Event "IMSA Elite Mind Games (Women's Blitz)"]
[Site "Huai'an CHN"]
[Date "2016.02.29"]
[EventDate "2016.02.28"]
[Round "18.2"]
[Result "1-0"]
[White "Antoaneta Stefanova"]
[Black "Irina Krush"]
[WhiteElo "2509"]
[BlackElo "2458"]
[PlyCount "57"]

1. Nf3 d5 2. g3 Bg4 3. Bg2 Nd7 4. c4 e6 5. cxd5 exd5 6. O-O
Ngf6 7. d3 Bc5 8. h3 Bxf3 9. Bxf3 c6 10. d4 Bd6 11. Nc3 O-O
12. Bg2 Re8 13. Qd3 Qe7 14. Bd2 Ne4 15. Nxe4 dxe4 16. Qb3 Nb6
17. f4 exf3 18. Rxf3 Nd5 19. Re1 f5 20. Rxf5 Kh8 21. e4 Nb6
22. Rf7 Qd8 23. Ref1 Be5 24. dxe5 Qxd2 25. e6 Qd4+ 26. Kh2 Qe5
27. e7 Nd7 28. Qxb7 Qe6 29. Qxd7 1-0

[Event "IMSA Elite Mind Games (Women's Blitz)"]
[Site "Huai'an CHN"]
[Date "2016.02.29"]
[EventDate "2016.02.28"]
[Round "19.7"]
[Result "1-0"]
[White "Alexandra Kosteniuk"]
[Black "Antoaneta Stefanova"]
[WhiteElo "2554"]
[BlackElo "2509"]
[PlyCount "80"]

1. e4 e5 2. Nf3 Nc6 3. Bb5 Nf6 4. O-O Nxe4 5. d4 Nd6 6. Bxc6
dxc6 7. dxe5 Nf5 8. Qxd8+ Kxd8 9. Rd1+ Ke8 10. Nc3 Ne7 11. h3
h6 12. b3 Be6 13. Nd4 Bd7 14. Ne4 Nf5 15. Ne2 c5 16. N4c3 Rc8
17. Kh2 Be7 18. g4 Nh4 19. Kg3 h5 20. Nd5 Bd8 21. Nef4 hxg4
22. hxg4 c6 23. Ne3 b5 24. Bb2 Ng6 25. Nxg6 fxg6 26. Rh1 Rxh1
27. Rxh1 Kf7 28. f4 Bb6 29. f5 gxf5 30. gxf5 Kg8 31. e6 Be8
32. Kf4 Bc7+ 33. Ke4 Bd8 34. Rg1 Rc7 35. f6 Bh5 36. Nf5 Bxf6
37. Bxf6 g6 38. Nd6 Kf8 39. e7+ Rxe7+ 40. Bxe7+ Kxe7 1-0

[Event "IMSA Elite Mind Games (Women's Blitz)"]
[Site "Huai'an CHN"]
[Date "2016.02.29"]
[EventDate "2016.02.28"]
[Round "20.3"]
[Result "1/2-1/2"]
[White "Antoaneta Stefanova"]
[Black "Zhao Xue"]
[WhiteElo "2509"]
[BlackElo "2506"]
[PlyCount "100"]

1. Nf3 Nf6 2. g3 b5 3. Bg2 d5 4. d3 e6 5. O-O Be7 6. e4 O-O
7. e5 Nfd7 8. c4 bxc4 9. dxc4 c6 10. Re1 Na6 11. Nc3 Nac5
12. b4 Ne4 13. Nxe4 dxe4 14. Rxe4 Nxe5 15. Qxd8 Nxf3+ 16. Bxf3
Rxd8 17. Rb1 Rb8 18. a3 a5 19. Bf4 Rb7 20. Ree1 axb4 21. Bxc6
Rb6 22. Bb5 bxa3 23. Bc7 Rbd6 24. Bxd8 Rxd8 25. Rbd1 Rf8
26. Re2 g5 27. h3 Kg7 28. Ra2 h5 29. Rd3 Bc5 30. Rdxa3 Bxa3
31. Rxa3 Bb7 32. Ra7 Bf3 33. Ra1 Rc8 34. Rc1 Rc5 35. Kf1 Kf6
36. Rc3 g4 37. hxg4 hxg4 38. Rc1 Ke7 39. Ba4 Kd6 40. Bd1 Ke5
41. Bxf3 gxf3 42. Rc3 f5 43. Rxf3 Rxc4 44. Kg2 Rc2 45. Re3+
Kf6 46. Kf3 Ra2 47. Rb3 Rc2 48. Ra3 Rb2 49. Rc3 Ra2 50. Rb3
Rc2 1/2-1/2

[Event "IMSA Elite Mind Games (Women's Blitz)"]
[Site "Huai'an CHN"]
[Date "2016.03.01"]
[EventDate "2016.02.28"]
[Round "21.6"]
[Result "1/2-1/2"]
[White "Elisabeth Paehtz"]
[Black "Antoaneta Stefanova"]
[WhiteElo "2472"]
[BlackElo "2509"]
[PlyCount "62"]

1. d4 g6 2. e4 Bg7 3. Nc3 c6 4. h4 d5 5. h5 dxe4 6. Be3 Nh6
7. Nxe4 Nf5 8. c3 Nxe3 9. fxe3 Bf5 10. Ng3 Be6 11. Nf3 Qc7
12. Ne4 Nd7 13. Qa4 Nf6 14. Nxf6+ Bxf6 15. O-O-O a6 16. Bd3
O-O-O 17. e4 Bg4 18. e5 Bxf3 19. gxf3 Bg5+ 20. Kb1 c5 21. Be4
cxd4 22. cxd4 Kb8 23. Qb3 e6 24. Rhg1 Bf4 25. Rd3 Rd7 26. Rc3
Qa5 27. Rd1 gxh5 28. Bc6 Rc7 29. Be4 Rd7 30. Bc6 Rc7 31. Be4
Rd7 1/2-1/2

[Event "IMSA Elite Mind Games (Women's Blitz)"]
[Site "Huai'an CHN"]
[Date "2016.03.01"]
[EventDate "2016.02.28"]
[Round "22.4"]
[Result "0-1"]
[White "Antoaneta Stefanova"]
[Black "Kateryna Lahno"]
[WhiteElo "2509"]
[BlackElo "2529"]
[PlyCount "62"]

1. Nf3 g6 2. g3 Bg7 3. Bg2 c5 4. c4 Nc6 5. Nc3 d6 6. a3 e6
7. b4 Nge7 8. Rb1 b6 9. O-O Bb7 10. e3 Rc8 11. d4 cxb4
12. axb4 a5 13. Na2 axb4 14. Nd2 d5 15. Nxb4 dxc4 16. Nxc4
Nxb4 17. Rxb4 Bxg2 18. Kxg2 Rxc4 19. Rxc4 Qd5+ 20. Qf3 Qxc4
21. Ba3 Qc6 22. e4 f5 23. Re1 fxe4 24. Rxe4 Rf8 25. Qe2 Kf7
26. f3 Rc8 27. Rf4+ Ke8 28. Qa6 Ra8 29. Qd3 Nd5 30. Re4 Kf7
31. Kh3 Qc3 0-1

[Event "IMSA Elite Mind Games (Women's Blitz)"]
[Site "Huai'an CHN"]
[Date "2016.03.01"]
[EventDate "2016.02.28"]
[Round "23.5"]
[Result "0-1"]
[White "Tan Zhongyi"]
[Black "Antoaneta Stefanova"]
[WhiteElo "2504"]
[BlackElo "2509"]
[PlyCount "102"]

1. d4 d5 2. c4 c6 3. Nf3 Nf6 4. Nc3 a6 5. c5 g6 6. Bf4 Bg7
7. h3 O-O 8. e3 Bf5 9. Be2 Ne4 10. Qb3 Qc8 11. O-O Nd7
12. Rfd1 h6 13. Bh2 g5 14. Nxe4 Bxe4 15. Nd2 Bg6 16. Bd3 f5
17. Nf3 Bh5 18. Be2 Nf6 19. Be5 Ne4 20. Bxg7 Kxg7 21. Qc2 Bxf3
22. Bxf3 e6 23. b4 Nf6 24. Be2 g4 25. h4 Ne4 26. g3 Qc7
27. Kg2 e5 28. dxe5 Qxe5 29. Rd4 f4 30. gxf4 Rxf4 31. exf4
Qxd4 32. Rf1 Rf8 33. f3 Nd2 34. fxg4 Nxf1 35. Bxf1 Qxf4
36. Qe2 Qe4+ 37. Qxe4 dxe4 38. Bc4 Rf3 39. Be6 Ra3 40. Bc8
Rxa2+ 41. Kf1 a5 42. Bxb7 axb4 43. Bxc6 Rc2 44. Bxe4 Rxc5
45. Ke2 b3 46. Kd2 Kf6 47. g5+ hxg5 48. hxg5+ Kxg5 49. Bh7 Kf4
50. Bg8 b2 51. Ba2 Rc1 0-1

[Event "IMSA Elite Mind Games (Women's Blitz)"]
[Site "Huai'an CHN"]
[Date "2016.03.01"]
[EventDate "2016.02.28"]
[Round "24.5"]
[Result "1/2-1/2"]
[White "Antoaneta Stefanova"]
[Black "Lilit Mkrtchian"]
[WhiteElo "2509"]
[BlackElo "2434"]
[PlyCount "109"]

1. Nf3 Nf6 2. g3 c5 3. Bg2 e6 4. O-O Be7 5. c4 a6 6. b3 Qc7
7. Bb2 b6 8. d3 Bb7 9. e4 d6 10. Qe2 O-O 11. Nbd2 Nc6 12. h3
Nd7 13. g4 e5 14. Rfe1 Rfe8 15. Nf1 Nd4 16. Nxd4 cxd4 17. f4
Nc5 18. Bc1 exf4 19. Bxf4 Bf6 20. Nd2 Be5 21. Bg5 Ne6 22. Bh4
Nf4 23. Qf1 Ng6 24. Bf2 b5 25. Nf3 Qb6 26. Rec1 Nf4 27. a4
bxa4 28. bxa4 Ne6 29. a5 Qc7 30. Qe2 Bc6 31. Rcb1 Reb8 32. Be1
Nf4 33. Qc2 Bd7 34. Bd2 Ne6 35. Rxb8+ Rxb8 36. Rb1 Rxb1+
37. Qxb1 Nc5 38. Bf1 Qd8 39. Qb6 Qe7 40. Qb8+ Be8 41. Bb4 f6
42. Bxc5 dxc5 43. Nxe5 fxe5 44. Qb6 Qg5 45. Qe6+ Kf8 46. Qf5+
Qxf5 47. gxf5 Ba4 48. Kf2 Ke7 49. Kg3 Kf6 50. h4 Bc2 51. Be2
Bb1 52. Bf1 Bc2 53. Be2 Bb1 54. Bf1 Bc2 55. Be2 1/2-1/2

[Event "IMSA Elite Mind Games (Women's Blitz)"]
[Site "Huai'an CHN"]
[Date "2016.03.01"]
[EventDate "2016.02.28"]
[Round "25.4"]
[Result "0-1"]
[White "Anna Ushenina"]
[Black "Antoaneta Stefanova"]
[WhiteElo "2450"]
[BlackElo "2509"]
[PlyCount "104"]

1. d4 g6 2. c4 Bg7 3. Nf3 e6 4. Nc3 d5 5. Bf4 Ne7 6. e3 O-O
7. Be2 a6 8. c5 Nbc6 9. O-O f6 10. a3 e5 11. dxe5 fxe5 12. Bg5
Be6 13. e4 d4 14. Nb1 h6 15. Bxe7 Nxe7 16. Qc2 Kh7 17. Nbd2 g5
18. Bc4 Bd7 19. Ne1 Ng6 20. Nd3 g4 21. b4 Qg5 22. a4 h5 23. b5
axb5 24. axb5 Nh4 25. Rxa8 Rxa8 26. Kh1 Rf8 27. c6 bxc6
28. bxc6 Bxc6 29. Nc5 Ra8 30. Ne6 Qe7 31. Bd5 Ra6 32. Nxg7
Bxd5 33. Nxh5 Be6 34. Ng3 Ng6 35. Rc1 c6 36. Nc4 Qb4 37. Nb2
Bd7 38. Nd3 Qb6 39. Nc5 Ra7 40. Nxd7 Rxd7 41. Qxc6 Qxc6
42. Rxc6 d3 43. Rc1 Nf4 44. Rd1 Rc7 45. Kg1 Kg6 46. Kf1 Rc2
47. Nf5 Re2 48. Ne3 Kg5 49. g3 Nh3 50. Rxd3 Rxf2+ 51. Ke1 Rxh2
52. Nf5 Rh1+ 0-1

[Event "IMSA Elite Mind Games (Women's Blitz)"]
[Site "Huai'an CHN"]
[Date "2016.03.01"]
[EventDate "2016.02.28"]
[Round "26.6"]
[Result "1-0"]
[White "Antoaneta Stefanova"]
[Black "Huang Qian"]
[WhiteElo "2509"]
[BlackElo "2450"]
[PlyCount "77"]

1. Nf3 d5 2. g3 c6 3. Bg2 Nf6 4. O-O Bf5 5. d3 e6 6. Nh4 Bg6
7. Nxg6 hxg6 8. Nd2 Nbd7 9. e4 Bc5 10. h3 Qc7 11. Nb3 Bb6
12. Bf4 e5 13. Bd2 dxe4 14. dxe4 Nf8 15. Bg5 N6h7 16. Bd2 Ne6
17. c3 Nf6 18. Qe2 g5 19. Rad1 a5 20. a4 O-O 21. Bf3 Rad8
22. Kg2 Rd7 23. Bc1 Rfd8 24. Rxd7 Qxd7 25. Nd2 Bc7 26. Nc4 b5
27. axb5 cxb5 28. Ne3 b4 29. Nd5 bxc3 30. bxc3 Bd6 31. Qa6 Nc5
32. Nxf6+ gxf6 33. Qxa5 Bf8 34. Rd1 Qxd1 35. Bxd1 Rxd1 36. Be3
Nxe4 37. Qa4 Nxc3 38. Qc2 Bb4 39. Bd2 1-0

[Event "IMSA Elite Mind Games (Women's Blitz)"]
[Site "Huai'an CHN"]
[Date "2016.03.01"]
[EventDate "2016.02.28"]
[Round "27.3"]
[Result "1-0"]
[White "Dronavalli Harika"]
[Black "Antoaneta Stefanova"]
[WhiteElo "2511"]
[BlackElo "2509"]
[PlyCount "77"]

1. d4 d5 2. c4 c6 3. Nc3 Nf6 4. Nf3 a6 5. e3 e6 6. c5 Nbd7
7. Qc2 Qe7 8. b4 e5 9. Be2 e4 10. Nd2 g6 11. a4 Bg7 12. Bb2
Nf8 13. b5 axb5 14. axb5 Rxa1+ 15. Bxa1 Ne6 16. Qa4 Qc7
17. Nb3 O-O 18. Bb2 Bd7 19. Qa5 Qxa5 20. Nxa5 Rb8 21. b6 Nd8
22. Kd2 Be6 23. h3 Nd7 24. Ra1 f5 25. Nb3 g5 26. Kc2 f4
27. Bc1 fxe3 28. fxe3 Nf6 29. Bd2 h5 30. Be1 h4 31. Bf2 Bh6
32. Ra7 Bf5 33. Na5 Kf7 34. g4 Bg6 35. Bg1 Nd7 36. Bh2 Rc8
37. Nxb7 Nxb7 38. Rxb7 Ke6 39. Rc7 1-0

[Event "IMSA Elite Mind Games (Women's Blitz)"]
[Site "Huai'an CHN"]
[Date "2016.03.01"]
[EventDate "2016.02.28"]
[Round "28.7"]
[Result "1-0"]
[White "Antoaneta Stefanova"]
[Black "Valentina Gunina"]
[WhiteElo "2509"]
[BlackElo "2496"]
[PlyCount "83"]

1. Nf3 d5 2. g3 c6 3. Bg2 Bf5 4. O-O e6 5. d3 Nd7 6. Qe1 Ngf6
7. Nh4 Bg4 8. h3 Bh5 9. f4 Bc5+ 10. Kh1 Bg6 11. e4 dxe4
12. dxe4 O-O 13. Nc3 Re8 14. Be3 Qc7 15. Qf2 Bb4 16. Nxg6 hxg6
17. Ne2 Rad8 18. g4 Ba5 19. c4 Nf8 20. e5 N6d7 21. a3 c5
22. Ng3 Nb6 23. Rac1 Rd3 24. Ne4 Red8 25. Bxc5 Na4 26. Bd6 Qd7
27. b4 Bc7 28. Rfd1 Rxa3 29. c5 Bxd6 30. Rxd6 Qe8 31. Qd2 Rc8
32. Rd4 Rc7 33. Nd6 Qe7 34. Nb5 Rg3 35. Nxc7 Qxc7 36. Kh2 Ra3
37. Rd8 Rb3 38. Qd6 Qxd6 39. cxd6 Nb6 40. Rc7 Rxb4 41. Rxb7
Rxf4 42. Rbb8 1-0

[Event "IMSA Elite Mind Games (Women's Blitz)"]
[Site "Huai'an CHN"]
[Date "2016.03.01"]
[EventDate "2016.02.28"]
[Round "29.2"]
[Result "0-1"]
[White "Nana Dzagnidze"]
[Black "Antoaneta Stefanova"]
[WhiteElo "2529"]
[BlackElo "2509"]
[PlyCount "112"]

1. d4 d5 2. c4 c6 3. cxd5 cxd5 4. Nc3 Nf6 5. Bf4 Nc6 6. Nf3
Nh5 7. Bd2 Nf6 8. Rc1 Bf5 9. Bf4 Nh5 10. Be3 Nf6 11. Ne5 Rc8
12. Bf4 e6 13. e3 Bb4 14. Nxc6 Rxc6 15. Bb5 Qa5 16. Bxc6+ bxc6
17. O-O O-O 18. a3 Be7 19. Na4 Qb5 20. b4 a5 21. Nc3 Qb7
22. Qb3 Bd3 23. Rfd1 Bc4 24. Qb2 axb4 25. axb4 Qxb4 26. Qa1
Qa3 27. Rb1 h6 28. Rb8 g5 29. Bg3 Rxb8 30. Qxa3 Bxa3 31. Bxb8
Nd7 32. Bc7 c5 33. dxc5 Bxc5 34. Ra1 Bb4 35. Ba5 Be7 36. Na4
Bf6 37. Bc3 e5 38. Nb2 Bb3 39. Ra7 Nc5 40. Rc7 Ne4 41. Nd3 d4
42. exd4 exd4 43. Be1 Kg7 44. Rc6 Bd5 45. Rc8 Nd6 46. f3 Nxc8
47. Nb4 Bc4 48. Kf2 Nd6 49. Bd2 Nf5 50. Nc6 Bd5 51. Nb4 Bc4
52. g4 Ne7 53. Nc2 Nc6 54. h3 Be5 55. Na3 Bd3 56. Be1 Bd6 0-1

[Event "IMSA Elite Mind Games (Women's Blitz)"]
[Site "Huai'an CHN"]
[Date "2016.03.01"]
[EventDate "2016.02.28"]
[Round "30.8"]
[Result "1-0"]
[White "Antoaneta Stefanova"]
[Black "Bela Khotenashvili"]
[WhiteElo "2509"]
[BlackElo "2502"]
[PlyCount "67"]

1. Nf3 g6 2. e4 Bg7 3. d4 d6 4. Nc3 c6 5. Be3 Nd7 6. Qd2 b5
7. Bd3 Bb7 8. O-O Ngf6 9. Bh6 O-O 10. Bxg7 Kxg7 11. e5 Ne8
12. a4 dxe5 13. dxe5 Nc7 14. Qf4 Ne6 15. Qh4 Ndc5 16. Rad1 Qc7
17. Be2 a6 18. Qg3 b4 19. Nb1 Nxa4 20. b3 Nb6 21. Nh4 c5
22. f4 f5 23. Bh5 Qc6 24. Rd2 Nd4 25. c3 bxc3 26. Nxc3 Qe6
27. b4 Nb3 28. Rb2 cxb4 29. Ne2 Nc5 30. Nd4 Qf7 31. Ndxf5+ Kh8
32. Bxg6 Qe6 33. Bxh7 Kxh7 34. Qg7# 1-0

[Event "European Individual Championship (Women)"]
[Site "Mamaia ROU"]
[Date "2016.05.27"]
[EventDate "2016.05.27"]
[Round "1.1"]
[Result "1/2-1/2"]
[White "Antoaneta Stefanova"]
[Black "Anna Rudolf"]
[WhiteElo "2507"]
[BlackElo "2301"]
[PlyCount "77"]

1. d4 d5 2. Bf4 Nf6 3. e3 e6 4. Nd2 Bd6 5. Bg3 b6 6. Bb5+ Nbd7
7. Bc6 Rb8 8. c4 Qe7 9. Ngf3 Bxg3 10. hxg3 Qd6 11. Qa4 O-O
12. Rc1 a6 13. a3 b5 14. cxb5 axb5 15. Bxb5 c5 16. O-O c4
17. b3 Nb6 18. Qa5 cxb3 19. Nxb3 Bd7 20. Bd3 Ra8 21. Qd2 Rxa3
22. Nc5 Rfa8 23. Ne5 Be8 24. f4 Na4 25. g4 Qd8 26. g5 Nxc5
27. dxc5 Ne4 28. Bxe4 dxe4 29. Qxd8 Rxd8 30. c6 Rc8 31. Rfd1
Kf8 32. Rd4 f6 33. gxf6 gxf6 34. Nd7+ Ke7 35. Kf2 Ra2+ 36. Kf1
Ra3 37. Kf2 Ra2+ 38. Kf1 Ra3 39. Kf2 1/2-1/2

[Event "European Individual Championship (Women)"]
[Site "Mamaia ROU"]
[Date "2016.05.28"]
[EventDate "2016.05.27"]
[Round "2.24"]
[Result "0-1"]
[White "Aydan Hojjatova"]
[Black "Antoaneta Stefanova"]
[WhiteElo "2300"]
[BlackElo "2507"]
[PlyCount "66"]

1. e4 e5 2. Nc3 Nf6 3. g3 d5 4. exd5 Nxd5 5. Bg2 Nxc3 6. bxc3
Bd6 7. Nf3 O-O 8. O-O Nc6 9. Re1 Bg4 10. d3 Qd7 11. Rb1 b6
12. c4 Rae8 13. Qd2 h6 14. Bb2 Re7 15. Kh1 Rfe8 16. Ng1 Bb4
17. Bc3 Bc5 18. Be4 Nd4 19. Bb4 Bxb4 20. Rxb4 Qd6 21. Rbb1 f5
22. Bd5+ Kh7 23. c3 Nc6 24. Qc2 Qf6 25. f3 Bh5 26. Kg2 Na5
27. c5 c6 28. Bb3 bxc5 29. Qf2 Nxb3 30. axb3 Qd6 31. Red1 Rb8
32. Ne2 Reb7 33. Nc1 e4 0-1

[Event "European Individual Championship (Women)"]
[Site "Mamaia ROU"]
[Date "2016.05.29"]
[EventDate "2016.05.27"]
[Round "3.9"]
[Result "1-0"]
[White "Antoaneta Stefanova"]
[Black "Kubra Ozturk"]
[WhiteElo "2507"]
[BlackElo "2226"]
[PlyCount "83"]

1. Nf3 d5 2. b3 Nf6 3. Bb2 g6 4. c4 c6 5. d3 Bg7 6. Nbd2 O-O
7. Rc1 a5 8. a3 Na6 9. g3 b5 10. cxb5 cxb5 11. Bg2 Bb7 12. O-O
Qd7 13. Rc2 Rac8 14. Rxc8 Rxc8 15. Qa1 Nc5 16. Bc3 Ne8 17. d4
b4 18. axb4 Ne4 19. Nxe4 dxe4 20. Ne5 Qc7 21. Rc1 axb4 22. Bd2
Ra8 23. Qb2 Qa5 24. Nc6 Bxc6 25. Rxc6 Qa1+ 26. Qxa1 Rxa1+
27. Bf1 Bxd4 28. Rc8 f5 29. Rxe8+ Kf7 30. Rc8 Bc3 31. Bxc3 Rc1
32. e3 bxc3 33. b4 Ke6 34. b5 Kd7 35. Rc4 c2 36. Kg2 g5
37. Be2 e5 38. b6 f4 39. Bg4+ Kd6 40. b7 f3+ 41. Kh3 Rb1
42. Bc8 1-0

[Event "European Individual Championship (Women)"]
[Site "Mamaia ROU"]
[Date "2016.05.30"]
[EventDate "2016.05.27"]
[Round "4.3"]
[Result "1/2-1/2"]
[White "Antoaneta Stefanova"]
[Black "Ketevan Arakhamia-Grant"]
[WhiteElo "2507"]
[BlackElo "2364"]
[PlyCount "116"]

1. Nf3 c5 2. b3 Nc6 3. Bb2 d6 4. e3 Nf6 5. d4 cxd4 6. exd4 e6
7. c4 d5 8. a3 Be7 9. Bd3 O-O 10. Nbd2 b6 11. O-O Bb7 12. Re1
Rc8 13. Rc1 dxc4 14. bxc4 Re8 15. Nf1 Bf8 16. Ne3 Na5 17. Bb1
Be4 18. Ba2 Qd6 19. Ng4 Qf4 20. Nge5 Nc6 21. Rc3 Red8 22. Bc1
Bxf3 23. Nxf3 Qd6 24. Rd3 Ne7 25. Ne5 Ng6 26. f4 Qc7 27. Qe2
Rd6 28. Red1 Rcd8 29. Kh1 Qb7 30. Bb1 Ne7 31. Bb2 Nf5 32. Nf3
R6d7 33. Ne5 Rd6 34. Nf3 Be7 35. Kg1 Qc7 36. R3d2 R6d7 37. g3
Qb7 38. Bc2 Nd6 39. Ne5 Rc7 40. d5 exd5 41. cxd5 Bf8 42. g4
Qc8 43. Bb1 Nc4 44. Nxc4 Rxc4 45. Bxf6 gxf6 46. Qd3 f5
47. gxf5 f6 48. Rg2+ Kh8 49. Qg3 Bh6 50. Qh4 Bg5 51. Qe1 Bxf4
52. Kh1 Re8 53. Qf1 Bd6 54. Rg1 Rh4 55. Rd2 Bc5 56. Rg3 Bd6
57. Rg1 Bc5 58. Rg3 Bd6 1/2-1/2

[Event "European Individual Championship (Women)"]
[Site "Mamaia ROU"]
[Date "2016.05.31"]
[EventDate "2016.05.27"]
[Round "5.3"]
[Result "0-1"]
[White "Daria Charochkina"]
[Black "Antoaneta Stefanova"]
[WhiteElo "2362"]
[BlackElo "2507"]
[PlyCount "76"]

1. d4 d5 2. c4 c6 3. Nc3 Nf6 4. Nf3 a6 5. c5 Bf5 6. Qb3 Qc8
7. Bf4 Nbd7 8. h3 h6 9. e3 e6 10. g4 Bh7 11. Rg1 g5 12. Bh2
Be7 13. Nd2 Bd8 14. f4 b6 15. cxb6 Bxb6 16. fxg5 hxg5 17. Rc1
c5 18. Qa4 cxd4 19. Ne2 Qb7 20. Nxd4 O-O 21. Qc6 Qa7 22. Qc3
Rac8 23. Nc6 Rxc6 24. Qxc6 Bxe3 25. Rg2 Ne4 26. Qxa6 Qd4
27. Qd3 Qxb2 28. Nb3 Bf2+ 29. Kd1 d4 30. Qe2 Nc3+ 31. Rxc3
dxc3 32. Rxf2 c2+ 33. Ke1 Nc5 34. Qe3 Nxb3 35. Qxg5+ Bg6
36. Rxc2 Qb1+ 37. Kf2 Qxc2+ 38. Be2 Nd4 0-1

[Event "European Individual Championship (Women)"]
[Site "Mamaia ROU"]
[Date "2016.06.01"]
[EventDate "2016.05.27"]
[Round "6.1"]
[Result "1-0"]
[White "Antoaneta Stefanova"]
[Black "Yuliya Shvayger"]
[WhiteElo "2507"]
[BlackElo "2415"]
[PlyCount "101"]

1. c4 e5 2. Nc3 Nf6 3. g3 Nc6 4. Bg2 Bb4 5. Nd5 Bc5 6. e3 O-O
7. Ne2 Nxd5 8. cxd5 Nb4 9. d4 exd4 10. exd4 Bb6 11. a3 Na6
12. O-O d6 13. h3 Re8 14. b4 Bf5 15. Nc3 Qf6 16. Be3 Nb8
17. Rc1 Nd7 18. g4 Bg6 19. Qd2 h5 20. Bg5 Qxd4 21. Qxd4 Bxd4
22. Nb5 Bb6 23. Nxc7 Bxc7 24. Rxc7 Nb6 25. gxh5 Be4 26. Rxb7
Bxg2 27. Kxg2 Re5 28. Bf4 Rxd5 29. h6 Nc4 30. a4 Rf5 31. Be3
a6 32. hxg7 Kxg7 33. Rd1 Nxe3+ 34. fxe3 Re8 35. Rxd6 Rxe3
36. Rd4 Ra3 37. a5 Ra2+ 38. Kg3 Ra3+ 39. Kg4 Rff3 40. h4 Rg3+
41. Kh5 Rgf3 42. Rg4+ Kf8 43. Rb6 Ra4 44. Kh6 Rf5 45. Re4 Rb5
46. Rc6 Rb8 47. Rb6 Ra8 48. Rb7 Rd8 49. Kh7 f5 50. Rc4 Ra1
51. Rcc7 1-0

[Event "European Individual Championship (Women)"]
[Site "Mamaia ROU"]
[Date "2016.06.03"]
[EventDate "2016.05.27"]
[Round "7.1"]
[Result "1/2-1/2"]
[White "Elisabeth Paehtz"]
[Black "Antoaneta Stefanova"]
[WhiteElo "2489"]
[BlackElo "2507"]
[PlyCount "52"]

1. e4 c6 2. Nf3 d5 3. Nc3 Bg4 4. d4 e6 5. Be2 Nf6 6. h3 Bh5
7. e5 Nfd7 8. g4 Bg6 9. h4 h5 10. gxh5 Bxh5 11. Ng5 Bxe2
12. Qxe2 Bb4 13. Qg4 Qe7 14. Bd2 Bxc3 15. Bxc3 c5 16. O-O-O
Nc6 17. f4 cxd4 18. Bxd4 Nxd4 19. Rxd4 O-O-O 20. h5 Kb8
21. Kb1 Rh6 22. Rd2 Rdh8 23. Rdh2 Nc5 24. Nf3 R6h7 25. Ng5 Rh6
26. Nf3 R6h7 1/2-1/2

[Event "European Individual Championship (Women)"]
[Site "Mamaia ROU"]
[Date "2016.06.05"]
[EventDate "2016.05.27"]
[Round "9.4"]
[Result "1/2-1/2"]
[White "Karina Szczepkowska-Horowska"]
[Black "Antoaneta Stefanova"]
[WhiteElo "2411"]
[BlackElo "2507"]
[PlyCount "23"]

1. d4 Nf6 2. c4 g6 3. Nc3 d5 4. Bf4 Bg7 5. e3 c6 6. Nf3 O-O
7. Rc1 a6 8. h3 b5 9. cxd5 cxd5 10. Bd3 Nc6 11. O-O Bb7
12. Ne5 1/2-1/2